[Event "Challenge"]
[Site "http://www.queenalice.com/game.php?id=74977"]
[Date "2006.6.7"]
[Round "-"]
[White "Cracco"]
[Black "Pato"]
[Result "1/2-1/2"]
[WhiteElo "1500"]
[BlackElo "1994"]

1. e4 Nc6 2. Nf3 d6 3. d4 Bg4 4. Bb5 a6 5. Bxc6+ bxc6 6. h3 Bd7 7. Nc3 e6 8. Qe2
Be7 9. O-O d5 10. Bf4 Nf6 11. a3 O-O 12. Rfd1 1/2-1/2

[Event "Challenge"]
[Site "http://www.queenalice.com/game.php?id=74980"]
[Date "2006.6.7"]
[Round "-"]
[White "Cracco"]
[Black "arvim"]
[Result "1/2-1/2"]
[WhiteElo "1675"]
[BlackElo "1836"]

1. e4 c5 2. Nf3 d6 3. d4 cxd4 4. Nxd4 Nf6 5. Nc3 a6 6. Bg5 Nbd7 7. Bc4 Qa5 8.
Qd2 e6 9. O-O h6 10. Bh4 g5 11. Bg3 Ne5 12. Bxe5 dxe5 13. Nb3 Qc7 14. Bd3 Be7
15. Rfd1 b6 16. Qe2 Bb7 17. a3 Rg8 18. Qe3 Bc6 19. Rd2 Kf8 20. Rad1 Kg7 21. Ne2
a5 22. Nbc1 Bc5 23. Qf3 g4 24. Qg3 Kh7 25. Nc3 Bb7 26. Nb5 Qb8 27. Qh4 Rg5 28.
Nc3 a4 29. N1e2 Kg7 30. Ng3 Bc6 31. Bb5 Qc7 32. Bxc6 Qxc6 33. Rd3 Bd4 34. Re1
Rc8 35. Nge2 Bc5 1/2-1/2

[Event "Challenge"]
[Site "http://www.queenalice.com/game.php?id=74987"]
[Date "2006.6.7"]
[Round "-"]
[White "Cracco"]
[Black "chessyca"]
[Result "1-0"]
[WhiteElo "1602"]
[BlackElo "1734"]

1. e4 d6 2. d4 Nf6 3. Nc3 g6 4. Nf3 Bg7 5. Be2 O-O 6. O-O c5 7. d5 Na6 8. Nd2
Nb4 9. a3 Na6 10. Re1 e5 11. Nc4 Ne8 12. Bg4 Nec7 13. Bxc8 Rxc8 14. Be3 f5 15.
exf5 Rxf5 16. Ne4 Ne8 17. Qd2 Qe7 18. Bg5 Qd8 19. Bxd8 Rxd8 20. Qa5 1-0

[Event "Challenge"]
[Site "http://www.queenalice.com/game.php?id=75209"]
[Date "2006.6.8"]
[Round "-"]
[White "GG"]
[Black "Cracco"]
[Result "0-1"]
[WhiteElo "2002"]
[BlackElo "1602"]

1. Nf3 d5 2. d4 Nf6 3. c4 g6 4. cxd5 Qxd5 5. Nc3 Qa5 6. e3 Bg7 7. Bd2 O-O 8. Bc4
c6 9. O-O Qh5 10. Ne2 Bg4 11. Nf4 Bxf3 12. Nxh5 Bxd1 13. Nxf6+ Bxf6 14. Raxd1
Nd7 15. Bb3 Nb6 16. a4 Rfd8 17. Rc1 e5 18. a5 Nd5 19. e4 Ne7 20. dxe5 Bxe5 21.
Bg5 Kf8 0-1

[Event "Challenge"]
[Site "http://www.queenalice.com/game.php?id=75300"]
[Date "2006.6.9"]
[Round "-"]
[White "Cracco"]
[Black "miguelvidal"]
[Result "0-1"]
[WhiteElo "1760"]
[BlackElo "1934"]

1. e4 c6 2. d4 d5 3. Nc3 dxe4 4. Nxe4 Nd7 5. Bc4 Ngf6 6. Ng5 e6 7. Qe2 Nb6 8.
Bd3 h6 9. N5f3 c5 10. dxc5 Bxc5 11. Ne5 Nbd7 12. Ngf3 Qc7 13. O-O O-O 14. Bd2
Nxe5 15. Nxe5 Bd4 16. Bf4 Bxb2 17. Ng6 e5 18. Bxe5 Bxe5 19. Qxe5 Qxe5 20. Nxe5
Be6 21. a4 Rfd8 22. Rfe1 Nd7 23. Nxd7 Rxd7 24. a5 Rc8 25. Re5 Rd4 26. Rb1 Rc7
27. Kf1 g6 28. Ke1 Kg7 29. f3 Rd6 30. Kd2 f5 31. g3 Kf6 32. Rbe1 Bd5 33. f4 Be4
34. h4 h5 35. Re3 Rc8 36. Kd1 Rd7 37. Kd2 Rc6 38. Re1 Rcd6 39. Re3 Rd5 40. Rxd5
Rxd5 41. a6 Bxd3 42. cxd3 b6 43. Re8 Ra5 44. Rc8 Rxa6 45. Rc6+ Kg7 46. Rc7+ Kf8
47. Rc8+ Ke7 48. Rc7+ Kd6 49. Rg7 Ra2+ 50. Ke3 a5 51. Rxg6+ Kc5 52. Rg5 a4 53.
Rxf5+ Kb4 54. Rxh5 a3 55. Rh7 Ra1 56. Ra7 a2 57. Kd4 b5 58. g4 Kb3 59. h5 Rh1
60. Ke5 b4 61. f5 a1=Q+ 62. Rxa1 Rxa1 63. g5 Ra8 64. h6 Kc2 65. h7 b3 66. g6 b2
67. g7 b1=Q 68. g8=Q Qa1+ 69. d4 Ra5+ 70. Ke6 Qe1+ 71. Kf6 Qh4+ 72. Kg6 Qg4+ 73.
Kh6 Ra6+ 74. Qe6 Rxe6+ 75. fxe6 Qxe6+ 76. Kg7 Qg4+ 77. Kf8 Qf4+ 78. Kg7 Qg5+ 79.
Kf7 Qh6 80. Kg8 Qg6+ 81. Kh8 Qf7 0-1

[Event "Challenge"]
[Site "http://www.queenalice.com/game.php?id=75375"]
[Date "2006.6.9"]
[Round "-"]
[White "Cracco"]
[Black "Stulzer"]
[Result "1-0"]
[WhiteElo "1661"]
[BlackElo "2062"]

1. e4 c5 2. Nf3 d6 3. d4 cxd4 4. Nxd4 Nf6 5. Nc3 a6 6. Bg5 e6 7. f4 Qb6 8. Nb3
Nbd7 9. Qf3 h6 10. Bh4 Be7 11. O-O-O g5 12. Bf2 Qc7 13. g3 b5 14. Bd3 Bb7 15. h3
Rg8 16. Qe3 g4 17. h4 h5 18. Rhe1 O-O-O 19. Qa7 Nc5 20. Nxc5 dxc5 21. e5 Nd5 22.
Nxd5 Rxd5 23. c4 bxc4 24. Bxc4 Rxd1+ 25. Rxd1 Qc6 26. f5 Qa4 27. Bb3 Qc6 28. f6
Bd8 29. Rd6 Qh1+ 30. Bd1 1-0

[Event "Challenge"]
[Site "http://www.queenalice.com/game.php?id=75395"]
[Date "2006.6.9"]
[Round "-"]
[White "Cientista"]
[Black "Cracco"]
[Result "0-1"]
[WhiteElo "1413"]
[BlackElo "1567"]

1. d4 Nf6 2. Nc3 d5 3. Nf3 g6 4. Bg5 Bg7 5. Bxf6 Bxf6 6. e3 O-O 7. Bd3 Nc6 8.
Bb5 Qd6 9. Bxc6 bxc6 10. Qe2 Rb8 11. b3 c5 12. O-O-O Ba6 13. Qd2 cxd4 14. exd4
c5 15. dxc5 Qxc5 16. Nd4 Rfc8 17. Nxd5 Qxd5 18. Nf3 Qc5 19. Kb1 Qa3 20. Nd4 e5
21. Nf5 e4 22. Nd4 Bd3 23. Qxd3 exd3 24. Rxd3 Rc4 25. c3 Bxd4 0-1

[Event "Challenge"]
[Site "http://www.queenalice.com/game.php?id=90900"]
[Date "2006.7.30"]
[Round "-"]
[White "Cracco"]
[Black "grandeuberlandia"]
[Result "1/2-1/2"]
[WhiteElo "1722"]
[BlackElo "1897"]

1. e4 d5 2. exd5 Nf6 3. d4 Nxd5 4. c4 Nb6 5. Nf3 Bg4 6. c5 Nd5 7. Qb3 Bc8 8. Bc4
c6 9. Nc3 e6 10. Bg5 Nf6 11. O-O Be7 12. Rfe1 O-O 13. Rad1 Nbd7 14. Qc2 b6 15.
b4 Bb7 16. a4 Qe8 17. a5 h6 18. Bf4 b5 19. Ba2 a6 20. Ne5 Qd8 21. Nxf7 Rxf7 22.
Bxe6 Nf8 23. Bxf7+ Kxf7 24. Qb3+ Nd5 25. Nxd5 Qxd5 26. Qxd5+ cxd5 27. Bd6 Re8
28. Bxe7 Rxe7 29. Kf1 Rxe1+ 30. Kxe1 Ne6 31. Ke2 Nd8 32. Kd3 Nc6 33. Kc3 Bc8 34.
h4 h5 35. Rd3 Kf6 36. Re3 Be6 37. Rf3+ Ke7 38. Rg3 Kf7 39. Rf3+ Ke7 40. Rg3 Kf7
41. Rf3+ Ke7 42. Rg3 Kf7 43. Rf3+ Ke7 44. Rg3 Kf7 45. Rf3+ 1/2-1/2

[Event "Challenge"]
[Site "http://www.queenalice.com/game.php?id=94421"]
[Date "2006.8.10"]
[Round "-"]
[White "frankcasadio"]
[Black "Cracco"]
[Result "0-1"]
[WhiteElo "1751"]
[BlackElo "1734"]

1. e4 c5 2. Nf3 Nc6 3. d4 cxd4 4. Nxd4 Nf6 5. Nc3 e5 6. Nxc6 bxc6 7. Bg5 Rb8 8.
b3 Bb4 9. Bd2 Bxc3 10. Bxc3 Nxe4 11. Qf3 Nxc3 12. Qxc3 Qc7 13. Bd3 O-O 14. O-O
d5 15. Rfe1 e4 16. Be2 Rd8 17. Bd1 c5 18. Qb2 Bb7 19. Re3 d4 20. Rg3 Rd5 21. c3
Rbd8 22. c4 Re5 23. Qd2 e3 24. Qe2 d3 25. Qg4 f5 26. Qh4 e2 27. Bxe2 dxe2 28. h3
e1=Q+ 29. Rxe1 Rxe1+ 30. Kh2 Rdd1 0-1

[Event "Challenge"]
[Site "http://www.queenalice.com/game.php?id=94446"]
[Date "2006.8.10"]
[Round "-"]
[White "Cracco"]
[Black "Alan"]
[Result "1-0"]
[WhiteElo "1687"]
[BlackElo "1775"]

1. e4 e5 2. Nf3 d6 3. d4 exd4 4. Nxd4 Nf6 5. Nc3 Be7 6. Bf4 O-O 7. Qd2 c5 8.
Ndb5 Nc6 9. Nxd6 Bxd6 10. Bxd6 Re8 11. f3 b6 12. Bb5 Bb7 13. O-O-O a6 14. Bxc6
Bxc6 15. Qf4 Qc8 16. g4 Qe6 17. Bc7 b5 18. Rd6 Qe7 19. Rxc6 Ra7 20. Bb6 Rd7 21.
Bxc5 Qd8 22. h4 h6 23. g5 hxg5 24. hxg5 Nh7 25. Qh2 1-0

[Event "Challenge"]
[Site "http://www.queenalice.com/game.php?id=106676"]
[Date "2006.9.16"]
[Round "-"]
[White "Cracco"]
[Black "kako"]
[Result "1-0"]
[WhiteElo "1746"]
[BlackElo "1695"]

1. e4 d5 2. exd5 Qxd5 3. Nc3 Qe5+ 4. Be2 Nf6 5. Nf3 Qh5 6. d4 c6 7. Ne5 Qf5 8.
g4 Qe6 9. g5 Nd5 10. Bg4 f5 11. gxf6 Nxc3 12. bxc3 Qd5 13. Rg1 Qe4+ 14. Kf1 Bxg4
15. Rxg4 Qh1+ 16. Rg1 Qd5 17. Qg4 Nd7 18. fxg7 Bxg7 19. Qh5+ Kf8 20. Rxg7 Nxe5
21. Bh6 Nf7 22. Rxf7+ Kg8 23. Rg7+ 1-0

[Event "Challenge"]
[Site "http://www.queenalice.com/game.php?id=106677"]
[Date "2006.9.16"]
[Round "-"]
[White "Cracco"]
[Black "Homedepotov"]
[Result "1-0"]
[WhiteElo "1766"]
[BlackElo "1743"]

1. e4 e5 2. Nf3 Nc6 3. Bb5 a6 4. Ba4 Nf6 5. O-O Be7 6. Re1 b5 7. Bb3 d6 8. c3
Na5 9. Bc2 c5 10. d3 Nc6 11. Nbd2 O-O 12. Nf1 h6 13. Ng3 Bb7 14. Nf5 Kh7 15. Be3
Ng8 16. a4 Bf6 17. d4 cxd4 18. cxd4 g6 19. dxe5 dxe5 20. Nd6 Qc7 21. axb5 axb5
22. Nxb5 Rxa1 23. Nxc7 Rxd1 24. Rxd1 Nb4 25. Bb1 Rc8 26. Nb5 1-0

[Event "Challenge"]
[Site "http://www.queenalice.com/game.php?id=116927"]
[Date "2006.10.14"]
[Round "-"]
[White "Cracco"]
[Black "Toivop"]
[Result "1/2-1/2"]
[WhiteElo "1799"]
[BlackElo "2059"]

1. e4 c5 2. Nf3 d6 3. d4 cxd4 4. Nxd4 Nf6 5. Nc3 a6 6. f4 Qc7 7. Be2 e5 8. Nf5
Bxf5 9. exf5 exf4 10. Bxf4 Be7 11. Qd2 Nbd7 12. O-O-O Ne5 13. g4 h6 14. h4 Qc6
15. Rhe1 Nfd7 16. g5 hxg5 17. hxg5 Nb6 18. Be3 Nbc4 19. Bxc4 Nxc4 20. Qd4 Ne5
21. Bf4 Kf8 22. Bxe5 dxe5 23. Rxe5 Bxg5+ 24. Kb1 Rh1 25. Rd5 Rxd1+ 26. Qxd1 Re8
27. Rd6 Qc5 28. Rd5 Qf2 29. Qh5 Re1+ 30. Nd1 Qh4 31. Qxh4 Bxh4 32. c4 g5 33.
fxg6 fxg6 34. Kc2 Ke7 35. Nc3 1/2-1/2

[Event "XadreZ"]
[Site "http://www.queenalice.com/game.php?id=118839"]
[Date "2006.10.19"]
[Round "-"]
[White "regivaldo"]
[Black "Cracco"]
[Result "0-1"]
[WhiteElo "1663"]
[BlackElo "1786"]

1. e4 c5 2. Nf3 Nc6 3. c3 e5 4. g4 Nf6 5. h3 d5 6. exd5 Qxd5 7. d3 Be7 8. c4 Qd8
9. a3 Be6 10. Bg2 e4 11. dxe4 Qxd1+ 12. Kxd1 Nxe4 13. Be3 O-O-O+ 14. Kc2 Bxc4
15. Ne1 Nd4+ 16. Bxd4 Rxd4 17. Bxe4 Rxe4 18. Nc3 Re6 19. Nd3 Rd8 20. Nf4 Rb6 21.
Na4 Bb3+ 22. Kb1 Bxa4 23. Re1 Bf6 24. Re2 Rd1+ 25. Ka2 Bb3# 0-1